[Event "Deutsche Ländermeisterschaft 2022"]
[Site "Wiesbaden GER"]
[Date "2022.10.04"]
[Round "7"]
[White "Burlutskaia, Maria"]
[Black "Neininger, Sarah"]
[Result "1-0"]
[Termination "normal"]
[Board "1.8"]
[WhiteElo "1468"]
[BlackElo "1589"]
[WhiteClock "00:36:51"]
[BlackClock "00:29:16"]
[WhiteTeam "Nordrhein-Westfalen"]
[BlackTeam "Hessen"]
[PlyCount "83"]
[WhiteFideId "34607137"]
[BlackFideId "16287410"]
[EventCountry "GER"]
[EventRounds "7"]
[EventType "team-swiss"]
[EventDate "2022.09.30"]

1. e4 {[%clk 1:30:59]} c5 {[%clk 1:30:51]} 2. Nc3 {[%clk 1:31:25]} g6 {[%clk
1:31:10]} 3. f4 {[%clk 1:31:47]} Bg7 {[%clk 1:31:33]} 4. Nf3 {[%clk 1:32:11]}
Nc6 {[%clk 1:31:55]} 5. Bb5 {[%clk 1:31:59]} Nd4 6. Be2 {[%clk 1:32:10]} e6
{[%clk 1:31:35]} 7. O-O {[%clk 1:31:49]} Ne7 {[%clk 1:31:35]} 8. d3 {[%clk
1:31:28]} O-O {[%clk 1:24:47]} 9. Bd2 {[%clk 1:30:20]} Nec6 10. a3 {[%clk
1:27:14]} Nxe2+ {[%clk 1:24:26]} 11. Qxe2 {[%clk 1:27:36]} Nd4 {[%clk 1:24:44]}
12. Nxd4 {[%clk 1:25:15]} cxd4 {[%clk 1:24:13]} 13. Nd1 {[%clk 1:24:21]} d6
{[%clk 1:22:00]} 14. Rf3 {[%clk 1:17:23]} Qf6 {[%clk 1:17:40]} 15. Nf2 {[%clk
1:13:43]} Re8 {[%clk 1:10:23]} 16. Rf1 {[%clk 1:10:49]} Bd7 {[%clk 1:07:36]}
17. e5 {[%clk 1:03:48]} Qe7 {[%clk 1:03:35]} 18. Ne4 {[%clk 0:55:11]} d5 {[%clk
0:54:45]} 19. Nd6 {[%clk 0:54:40]} Rf8 {[%clk 0:54:42]} 20. Nxb7 Bc6 {[%clk
0:53:23]} 21. Nd6 {[%clk 0:53:58]} Rfd8 {[%clk 0:51:20]} 22. Bb4 {[%clk
0:53:50]} Qc7 {[%clk 0:51:14]} 23. Rh3 {[%clk 0:50:11]} a5 {[%clk 0:49:00]} 24.
Bd2 {[%clk 0:46:04]} Rxd6 {[%clk 0:47:29]} 25. exd6 {[%clk 0:46:21]} Qxd6
{[%clk 0:47:52]} 26. Qf2 {[%clk 0:45:45]} Qe7 {[%clk 0:44:54]} 27. g4 {[%clk
0:37:11]} Bd7 {[%clk 0:41:03]} 28. Re1 {[%clk 0:27:40]} Qd8 {[%clk 0:37:20]}
29. Qg2 {[%clk 0:26:51]} Rc8 {[%clk 0:31:01]} 30. Bc1 Rc5 31. Rf3 {[%clk
0:25:56]} Qc8 {[%clk 0:26:28]} 32. Rf2 {[%clk 0:25:54]} Bb5 {[%clk 0:23:45]}
33. f5 {[%clk 0:19:03]} Bxd3 {[%clk 0:21:02]} 34. fxe6 fxe6 {[%clk 0:19:37]}
35. Qf3 {[%clk 0:16:59]} Be4 {[%clk 0:18:39]} 36. Qf7+ {[%clk 0:16:22]} Kh8
{[%clk 0:19:04]} 37. Ref1 {[%clk 0:15:11]} Rxc2 {[%clk 0:16:27]} 38. Rxc2
{[%clk 0:11:30]} Bxc2 {[%clk 0:16:33]} 39. Bg5 {[%clk 0:10:58]} Qg8 40. Qa7
{[%clk 0:08:13]} d3 {[%clk 0:14:23]} 41. Rf7 {[%clk 0:07:45]} Ba4 {[%clk
0:29:16]} 42. Rxg7 {[%clk 0:36:51]} 1-0

[Event "Deutsche Ländermeisterschaft 2022"]
[Site "Wiesbaden GER"]
[Date "2022.10.04"]
[Round "7"]
[White "Lutsko, Artem"]
[Black "Weishäutel, Moritz"]
[Result "1/2-1/2"]
[Termination "normal"]
[Board "2.1"]
[WhiteTitle "IM"]
[BlackTitle "FM"]
[WhiteElo "2431"]
[BlackElo "2401"]
[WhiteClock "00:23:58"]
[BlackClock "00:36:50"]
[WhiteTeam "Bayern"]
[BlackTeam "Thüringen"]
[PlyCount "88"]
[WhiteFideId "14188767"]
[BlackFideId "12967300"]
[EventCountry "GER"]
[EventRounds "7"]
[EventType "team-swiss"]
[EventDate "2022.09.30"]

1. d4 {[%clk 1:30:59]} d5 {[%clk 1:30:55]} 2. c4 {[%clk 1:31:24]} e6 {[%clk
1:31:20]} 3. Nf3 {[%clk 1:31:50]} c6 {[%clk 1:31:44]} 4. e3 {[%clk 1:32:16]} f5
{[%clk 1:31:16]} 5. Be2 {[%clk 1:31:06]} Nf6 {[%clk 1:31:39]} 6. O-O {[%clk
1:31:06]} Bd6 {[%clk 1:31:39]} 7. b3 {[%clk 1:31:32]} Qe7 {[%clk 1:31:42]} 8.
Bb2 {[%clk 1:31:21]} O-O {[%clk 1:30:40]} 9. Qc1 {[%clk 1:31:44]} b6 {[%clk
1:25:31]} 10. Ba3 {[%clk 1:32:11]} Bxa3 {[%clk 1:25:18]} 11. Qxa3 {[%clk
1:31:14]} Qxa3 {[%clk 1:21:01]} 12. Nxa3 {[%clk 1:31:43]} Nbd7 {[%clk 1:21:09]}
13. Rfc1 {[%clk 1:29:09]} Bb7 {[%clk 1:18:24]} 14. cxd5 {[%clk 1:29:34]} exd5
{[%clk 1:18:19]} 15. Nc2 {[%clk 1:30:01]} Rfe8 {[%clk 1:15:29]} 16. Kf1 {[%clk
1:30:06]} Ne4 {[%clk 1:12:41]} 17. Nb4 {[%clk 1:29:55]} c5 {[%clk 1:11:17]} 18.
Nd3 {[%clk 1:29:00]} Rac8 {[%clk 1:09:38]} 19. Nfe5 {[%clk 1:26:57]} Nxe5
{[%clk 1:09:22]} 20. Nxe5 {[%clk 1:27:26]} f4 {[%clk 0:57:45]} 21. exf4 {[%clk
1:21:05]} cxd4 {[%clk 0:58:07]} 22. Nf3 {[%clk 1:00:44]} Rxc1+ {[%clk 0:55:13]}
23. Rxc1 {[%clk 1:01:13]} Nc3 {[%clk 0:55:35]} 24. Nxd4 {[%clk 1:01:31]} Nxa2
{[%clk 0:43:56]} 25. Ra1 {[%clk 0:20:22]} Rc8 {[%clk 0:44:06]} 26. Ke1 {[%clk
0:20:50]} Rc1+ {[%clk 0:43:29]} 27. Rxc1 {[%clk 0:20:06]} Nxc1 {[%clk 0:43:55]}
28. Bf1 {[%clk 0:20:31]} Na2 {[%clk 0:41:01]} 29. Kd2 {[%clk 0:20:33]} Nb4
{[%clk 0:24:12]} 30. g4 {[%clk 0:20:34]} Nc6 {[%clk 0:22:03]} 31. Ke3 {[%clk
0:19:45]} Kf7 {[%clk 0:19:31]} 32. Bd3 {[%clk 0:16:17]} g6 {[%clk 0:18:30]} 33.
f5 {[%clk 0:15:40]} g5 {[%clk 0:16:30]} 34. Ne6 {[%clk 0:11:32]} Kf6 {[%clk
0:16:49]} 35. Bb5 {[%clk 0:07:42]} d4+ {[%clk 0:15:28]} 36. Kd2 {[%clk
0:04:54]} Ne5 {[%clk 0:15:44]} 37. Be2 {[%clk 0:05:20]} d3 {[%clk 0:15:08]} 38.
Bd1 {[%clk 0:04:44]} Nf3+ {[%clk 0:10:31]} 39. Kxd3 {[%clk 0:04:04]} Nxh2
{[%clk 0:10:56]} 40. Ke3 {[%clk 0:03:20]} Nf1+ {[%clk 0:08:29]} 41. Kd4 {[%clk
0:03:07]} Nd2 {[%clk 0:06:03]} 42. Ke3 {[%clk 0:26:40]} Nf1+ {[%clk 0:36:27]}
43. Kd4 {[%clk 0:23:58]} Nd2 {[%clk 0:36:50]} 44. Ke4 Ke5+ 1/2-1/2

[Event "Deutsche Ländermeisterschaft 2022"]
[Site "Wiesbaden GER"]
[Date "2022.10.04"]
[Round "7"]
[White "Müller, Magnus"]
[Black "Kolb, Tobias"]
[Result "1/2-1/2"]
[Termination "normal"]
[Board "2.2"]
[BlackTitle "FM"]
[WhiteElo "2004"]
[BlackElo "2357"]
[WhiteClock "00:01:51"]
[BlackClock "00:11:19"]
[WhiteTeam "Thüringen"]
[BlackTeam "Bayern"]
[PlyCount "66"]
[WhiteFideId "16230060"]
[BlackFideId "12992321"]
[EventCountry "GER"]
[EventRounds "7"]
[EventType "team-swiss"]
[EventDate "2022.09.30"]

1. d4 {[%clk 1:30:39]} d5 {[%clk 1:30:57]} 2. Nf3 {[%clk 1:31:03]} Nf6 {[%clk
1:31:18]} 3. c4 {[%clk 1:31:26]} e6 {[%clk 1:31:44]} 4. g3 {[%clk 1:31:51]} Be7
{[%clk 1:32:05]} 5. Bg2 {[%clk 1:32:15]} O-O {[%clk 1:32:33]} 6. O-O {[%clk
1:32:30]} c6 {[%clk 1:32:58]} 7. Nc3 {[%clk 1:32:55]} Nbd7 {[%clk 1:33:03]} 8.
Ne5 {[%clk 1:32:01]} Nxe5 {[%clk 1:22:32]} 9. dxe5 {[%clk 1:32:18]} Nd7 {[%clk
1:22:38]} 10. cxd5 {[%clk 1:32:42]} exd5 {[%clk 1:18:10]} 11. f4 {[%clk
1:33:06]} f5 {[%clk 1:17:37]} 12. Be3 {[%clk 1:19:00]} Nc5 {[%clk 1:11:19]} 13.
Rc1 {[%clk 1:14:39]} Ne6 {[%clk 1:08:16]} 14. Nxd5 {[%clk 1:01:06]} cxd5 {[%clk
1:08:18]} 15. Bxd5 {[%clk 0:56:12]} Kh8 {[%clk 0:54:04]} 16. Qb3 {[%clk
0:54:06]} Nc7 {[%clk 0:51:34]} 17. Bf3 {[%clk 0:44:35]} Na6 {[%clk 0:48:53]}
18. Rfd1 {[%clk 0:41:37]} Qe8 {[%clk 0:47:05]} 19. a3 {[%clk 0:28:14]} Rb8
{[%clk 0:29:09]} 20. Bxa7 {[%clk 0:25:36]} Be6 {[%clk 0:25:50]} 21. Bd5 {[%clk
0:21:02]} Bxd5 {[%clk 0:26:11]} 22. Qxd5 {[%clk 0:20:04]} Rd8 {[%clk 0:21:00]}
23. Qxb7 {[%clk 0:20:04]} Nc5 {[%clk 0:20:37]} 24. Bxc5 {[%clk 0:16:27]} Bxc5+
{[%clk 0:21:04]} 25. Kg2 {[%clk 0:16:14]} Be3 {[%clk 0:13:51]} 26. Rxd8 {[%clk
0:13:45]} Qxd8 {[%clk 0:14:18]} 27. Rc7 {[%clk 0:11:00]} Rg8 {[%clk 0:12:49]}
28. Rd7 {[%clk 0:10:44]} Qe8 {[%clk 0:11:43]} 29. Rd3 {[%clk 0:10:37]} Bc1
{[%clk 0:10:11]} 30. Rc3 {[%clk 0:10:07]} Bd2 {[%clk 0:10:37]} 31. Rd3 {[%clk
0:10:30]} Bc1 {[%clk 0:11:05]} 32. Rc3 {[%clk 0:03:59]} Bd2 {[%clk 0:11:19]}
33. Rd3 {[%clk 0:01:51]} Bc1 1/2-1/2

[Event "Deutsche Ländermeisterschaft 2022"]
[Site "Wiesbaden GER"]
[Date "2022.10.04"]
[Round "7"]
[White "Schneider, Jana"]
[Black "Bock, Marlon"]
[Result "1-0"]
[Termination "normal"]
[Board "2.3"]
[WhiteTitle "FM"]
[WhiteElo "2323"]
[BlackElo "1866"]
[WhiteClock "00:29:13"]
[BlackClock "00:18:03"]
[WhiteTeam "Bayern"]
[BlackTeam "Thüringen"]
[PlyCount "99"]
[WhiteFideId "12924997"]
[BlackFideId "16244931"]
[EventCountry "GER"]
[EventRounds "7"]
[EventType "team-swiss"]
[EventDate "2022.09.30"]

1. e4 {[%clk 1:30:54]} c5 {[%clk 1:30:55]} 2. Nf3 {[%clk 1:31:19]} Nc6 {[%clk
1:31:16]} 3. Nc3 {[%clk 1:31:42]} e5 {[%clk 1:24:13]} 4. Bc4 {[%clk 1:31:58]}
d6 {[%clk 1:23:59]} 5. d3 {[%clk 1:32:19]} Be7 {[%clk 1:23:08]} 6. Nd2 {[%clk
1:32:30]} Nf6 {[%clk 1:19:25]} 7. Nf1 {[%clk 1:32:40]} O-O {[%clk 1:17:19]} 8.
Ne3 {[%clk 1:32:42]} Be6 {[%clk 1:09:45]} 9. a3 {[%clk 1:30:49]} h6 {[%clk
1:03:44]} 10. O-O {[%clk 1:17:58]} Rc8 {[%clk 0:58:21]} 11. Bd2 {[%clk
1:13:50]} Nd7 {[%clk 0:49:45]} 12. Ncd5 {[%clk 1:02:54]} Bg5 {[%clk 0:45:50]}
13. b4 {[%clk 0:56:39]} Ne7 {[%clk 0:42:02]} 14. c3 {[%clk 0:42:57]} Bxd5
{[%clk 0:40:04]} 15. Nxd5 {[%clk 0:41:56]} Bxd2 {[%clk 0:36:40]} 16. Qxd2
{[%clk 0:41:19]} Nb6 {[%clk 0:34:22]} 17. Nxb6 {[%clk 0:40:30]} axb6 {[%clk
0:31:55]} 18. f4 {[%clk 0:34:54]} Nc6 {[%clk 0:24:48]} 19. f5 {[%clk 0:31:14]}
Qf6 {[%clk 0:23:27]} 20. Rfb1 {[%clk 0:25:53]} Rc7 {[%clk 0:20:02]} 21. bxc5
{[%clk 0:21:47]} bxc5 {[%clk 0:20:13]} 22. Rb6 {[%clk 0:22:10]} Ra8 {[%clk
0:17:58]} 23. Qa2 {[%clk 0:22:10]} Qe7 {[%clk 0:15:05]} 24. Bd5 {[%clk
0:20:32]} Ra7 {[%clk 0:14:41]} 25. Rab1 {[%clk 0:20:38]} Na5 {[%clk 0:12:47]}
26. Qe2 {[%clk 0:18:20]} Nc6 {[%clk 0:11:11]} 27. R1b3 {[%clk 0:18:10]} Na5
{[%clk 0:10:39]} 28. R3b5 {[%clk 0:18:25]} Nc6 {[%clk 0:10:47]} 29. Qb2 {[%clk
0:18:42]} Nd8 {[%clk 0:07:49]} 30. Rb3 {[%clk 0:17:10]} Nc6 {[%clk 0:07:21]}
31. R3b5 {[%clk 0:12:06]} Nd8 {[%clk 0:07:34]} 32. g3 {[%clk 0:12:14]} Nc6
{[%clk 0:07:24]} 33. Kg2 {[%clk 0:12:36]} Nd8 {[%clk 0:07:08]} 34. h4 {[%clk
0:12:19]} Nc6 {[%clk 0:05:52]} 35. Qa2 {[%clk 0:09:56]} Qd7 {[%clk 0:03:56]}
36. Rb1 {[%clk 0:08:50]} Qe7 {[%clk 0:03:25]} 37. Kh3 {[%clk 0:08:17]} Rc8
{[%clk 0:02:26]} 38. Qb2 {[%clk 0:08:07]} Rc7 {[%clk 0:02:30]} 39. g4 {[%clk
0:08:02]} Na5 {[%clk 0:02:02]} 40. Qa2 {[%clk 0:07:33]} Qd8 {[%clk 0:00:50]}
41. Qe2 {[%clk 0:02:21]} Kf8 {[%clk 0:27:54]} 42. g5 {[%clk 0:29:21]} hxg5
{[%clk 0:23:01]} 43. Qh5 {[%clk 0:29:44]} gxh4 {[%clk 0:18:36]} 44. Qh8+ {[%clk
0:30:04]} Ke7 {[%clk 0:18:57]} 45. Qxg7 {[%clk 0:30:10]} Qf8 {[%clk 0:18:48]}
46. f6+ {[%clk 0:30:01]} Ke8 {[%clk 0:18:46]} 47. Rg1 {[%clk 0:29:35]} Nc6
{[%clk 0:17:19]} 48. Bxc6+ {[%clk 0:28:21]} Rxc6 {[%clk 0:17:40]} 49. Rxc6
{[%clk 0:28:47]} bxc6 {[%clk 0:18:03]} 50. Qh7 {[%clk 0:29:13]} 1-0

[Event "Deutsche Ländermeisterschaft 2022"]
[Site "Wiesbaden GER"]
[Date "2022.10.04"]
[Round "7"]
[White "Aniol, Nico"]
[Black "Huber, Benedikt"]
[Result "0-1"]
[Termination "normal"]
[Board "2.4"]
[BlackTitle "FM"]
[WhiteElo "1541"]
[BlackElo "2299"]
[WhiteClock "00:40:42"]
[BlackClock "00:48:31"]
[WhiteTeam "Thüringen"]
[BlackTeam "Bayern"]
[PlyCount "55"]
[WhiteFideId "16287096"]
[BlackFideId "12923583"]
[EventCountry "GER"]
[EventRounds "7"]
[EventType "team-swiss"]
[EventDate "2022.09.30"]

1. e4 {[%clk 1:30:48]} e5 {[%clk 1:30:54]} 2. Nc3 {[%clk 1:30:55]} Nf6 {[%clk
1:31:13]} 3. Nf3 {[%clk 1:29:56]} Nc6 {[%clk 1:31:35]} 4. Bc4 {[%clk 1:28:40]}
Nxe4 {[%clk 1:31:45]} 5. Nxe4 {[%clk 1:29:03]} d5 {[%clk 1:32:10]} 6. Bd3
{[%clk 1:29:31]} dxe4 {[%clk 1:32:33]} 7. Bxe4 {[%clk 1:29:55]} Bd6 {[%clk
1:29:38]} 8. Bxc6+ {[%clk 1:27:30]} bxc6 {[%clk 1:29:32]} 9. d3 {[%clk
1:24:24]} O-O {[%clk 1:28:10]} 10. h3 {[%clk 1:20:04]} f5 {[%clk 1:26:40]} 11.
Be3 {[%clk 1:02:36]} Qf6 {[%clk 1:24:45]} 12. c3 {[%clk 0:57:19]} Ba6 {[%clk
1:17:11]} 13. Qc2 {[%clk 0:52:56]} f4 {[%clk 1:13:14]} 14. Bd2 {[%clk 0:51:35]}
Qg6 {[%clk 1:13:21]} 15. Nh4 {[%clk 0:51:36]} Qg5 {[%clk 1:00:02]} 16. g3
{[%clk 0:51:17]} Qf6 {[%clk 1:00:26]} 17. O-O-O {[%clk 0:48:22]} f3 {[%clk
1:00:17]} 18. Qa4 {[%clk 0:48:16]} Bxd3 {[%clk 0:55:43]} 19. Qg4 {[%clk
0:46:00]} e4 {[%clk 0:55:18]} 20. Be3 {[%clk 0:44:51]} Be5 {[%clk 0:53:46]} 21.
Bg5 {[%clk 0:43:57]} Qf7 {[%clk 0:53:40]} 22. Nxf3 {[%clk 0:42:52]} Qxf3 {[%clk
0:47:06]} 23. Qe6+ {[%clk 0:43:16]} Qf7 {[%clk 0:47:29]} 24. Qxe5 {[%clk
0:43:41]} Qxa2 {[%clk 0:47:56]} 25. c4 {[%clk 0:39:54]} Qb1+ {[%clk 0:48:06]}
26. Kd2 {[%clk 0:40:18]} Qc2+ {[%clk 0:48:31]} 27. Ke3 {[%clk 0:40:42]} Qxf2#
28. Kd4 0-1

[Event "Deutsche Ländermeisterschaft 2022"]
[Site "Wiesbaden GER"]
[Date "2022.10.04"]
[Round "7"]
[White "Göpfert, Gregor"]
[Black "Prinzen, Siri Marleen"]
[Result "1/2-1/2"]
[Termination "normal"]
[Board "2.6"]
[WhiteElo "1480"]
[BlackElo "1719"]
[WhiteClock "00:17:39"]
[BlackClock "00:16:57"]
[WhiteTeam "Thüringen"]
[BlackTeam "Bayern"]
[PlyCount "70"]
[WhiteFideId "34603964"]
[BlackFideId "16265912"]
[EventCountry "GER"]
[EventRounds "7"]
[EventType "team-swiss"]
[EventDate "2022.09.30"]

1. e4 {[%clk 1:30:58]} c6 {[%clk 1:30:56]} 2. d4 {[%clk 1:31:24]} d5 {[%clk
1:31:22]} 3. exd5 {[%clk 1:31:49]} cxd5 {[%clk 1:31:47]} 4. Bd3 {[%clk
1:32:16]} Nc6 {[%clk 1:32:09]} 5. c3 {[%clk 1:32:40]} Qc7 {[%clk 1:32:34]} 6.
h3 {[%clk 1:30:10]} Nf6 {[%clk 1:31:18]} 7. Nf3 {[%clk 1:30:28]} g6 {[%clk
1:30:18]} 8. Qc2 {[%clk 1:30:01]} Bg7 {[%clk 1:27:57]} 9. O-O {[%clk 1:29:25]}
O-O {[%clk 1:26:34]} 10. Re1 {[%clk 1:29:21]} a6 {[%clk 1:25:58]} 11. a4 {[%clk
1:29:40]} Bd7 {[%clk 1:25:31]} 12. Nbd2 {[%clk 1:19:58]} Rfc8 {[%clk 1:22:07]}
13. Qb1 {[%clk 1:19:51]} Ne8 {[%clk 1:19:05]} 14. Nb3 {[%clk 1:08:57]} b6
{[%clk 1:15:20]} 15. Bg5 {[%clk 1:07:47]} Be6 {[%clk 1:08:22]} 16. Bh4 {[%clk
1:07:25]} Nd6 {[%clk 1:07:33]} 17. Bg3 {[%clk 1:07:00]} Qb7 {[%clk 1:06:46]}
18. Nbd2 {[%clk 0:46:20]} Bf5 {[%clk 1:03:52]} 19. Ne5 {[%clk 0:41:44]} Bxd3
{[%clk 0:59:44]} 20. Nxd3 {[%clk 0:41:01]} Na5 {[%clk 0:58:20]} 21. Bf4 {[%clk
0:38:05]} Nac4 {[%clk 0:56:03]} 22. Nxc4 {[%clk 0:37:41]} Nxc4 {[%clk 0:54:39]}
23. Qd1 {[%clk 0:36:22]} Qd7 {[%clk 0:50:06]} 24. Qe2 {[%clk 0:35:07]} e6
{[%clk 0:47:41]} 25. h4 {[%clk 0:32:41]} Qe7 {[%clk 0:43:45]} 26. Qg4 {[%clk
0:31:50]} Bf6 {[%clk 0:40:12]} 27. g3 {[%clk 0:28:58]} Kh8 {[%clk 0:36:28]} 28.
Kg2 {[%clk 0:28:38]} h5 {[%clk 0:34:40]} 29. Qe2 {[%clk 0:28:10]} Kg7 {[%clk
0:31:18]} 30. Rh1 {[%clk 0:21:23]} Rh8 {[%clk 0:28:42]} 31. Ra2 {[%clk
0:17:49]} Rac8 {[%clk 0:25:03]} 32. Nb4 {[%clk 0:16:34]} Ra8 {[%clk 0:20:47]}
33. Nd3 {[%clk 0:16:56]} Rac8 {[%clk 0:19:57]} 34. Nb4 {[%clk 0:17:17]} Ra8
{[%clk 0:18:15]} 35. Nd3 {[%clk 0:17:39]} Rac8 {[%clk 0:16:57]} 1/2-1/2

[Event "Deutsche Ländermeisterschaft 2022"]
[Site "Wiesbaden GER"]
[Date "2022.10.04"]
[Round "7"]
[White "Limmer, Marco"]
[Black "Ulrich, Helena Irene"]
[Result "1-0"]
[Termination "normal"]
[Board "2.7"]
[WhiteElo "1704"]
[BlackElo "1573"]
[WhiteClock "00:05:39"]
[BlackClock "00:00:46"]
[WhiteTeam "Bayern"]
[BlackTeam "Thüringen"]
[PlyCount "71"]
[WhiteFideId "34603506"]
[BlackFideId "16256000"]
[EventCountry "GER"]
[EventRounds "7"]
[EventType "team-swiss"]
[EventDate "2022.09.30"]

1. e4 {[%clk 1:30:58]} c5 {[%clk 1:30:54]} 2. Nc3 {[%clk 1:31:16]} Nc6 {[%clk
1:31:11]} 3. f4 {[%clk 1:31:31]} g6 {[%clk 1:30:23]} 4. Nf3 {[%clk 1:31:18]}
Bg7 {[%clk 1:30:28]} 5. Bb5 {[%clk 1:30:38]} Nd4 6. O-O {[%clk 1:28:11]} a6
{[%clk 1:09:57]} 7. Be2 {[%clk 1:26:45]} e6 {[%clk 1:08:34]} 8. d3 {[%clk
1:22:12]} Ne7 {[%clk 1:05:46]} 9. Be3 {[%clk 1:13:35]} O-O {[%clk 0:54:09]} 10.
Qd2 {[%clk 0:51:54]} b5 {[%clk 0:41:03]} 11. Nd1 {[%clk 0:44:47]} Bb7 {[%clk
0:25:55]} 12. c3 {[%clk 0:41:11]} Nxe2+ {[%clk 0:25:21]} 13. Qxe2 {[%clk
0:41:10]} Qc7 {[%clk 0:25:06]} 14. Nf2 {[%clk 0:36:11]} d5 {[%clk 0:21:06]} 15.
e5 {[%clk 0:28:42]} Nf5 {[%clk 0:14:32]} 16. Rac1 {[%clk 0:25:41]} Rac8 {[%clk
0:11:07]} 17. d4 {[%clk 0:22:41]} cxd4 {[%clk 0:09:19]} 18. cxd4 {[%clk
0:19:09]} Qd7 {[%clk 0:09:22]} 19. Nd3 {[%clk 0:18:41]} Rxc1 {[%clk 0:08:13]}
20. Rxc1 {[%clk 0:18:58]} Rc8 {[%clk 0:06:20]} 21. Nc5 {[%clk 0:18:46]} Qe7
{[%clk 0:05:47]} 22. b4 {[%clk 0:15:50]} Bf8 {[%clk 0:02:48]} 23. Nd2 {[%clk
0:15:10]} Rc7 {[%clk 0:02:33]} 24. Ndb3 {[%clk 0:15:01]} f6 {[%clk 0:01:48]}
25. Bd2 {[%clk 0:13:59]} fxe5 {[%clk 0:01:32]} 26. Qxe5 {[%clk 0:13:32]} Bc8
{[%clk 0:01:06]} 27. Bc3 {[%clk 0:12:50]} Qd6 {[%clk 0:00:45]} 28. Ra1 {[%clk
0:11:16]} Qxe5 {[%clk 0:00:39]} 29. dxe5 {[%clk 0:09:19]} Bxc5+ {[%clk
0:00:33]} 30. Nxc5 {[%clk 0:08:53]} a5 {[%clk 0:00:39]} 31. a3 {[%clk 0:08:11]}
a4 {[%clk 0:01:07]} 32. Bd2 {[%clk 0:07:42]} Kf7 {[%clk 0:01:07]} 33. Kf2
{[%clk 0:07:21]} Bb7 {[%clk 0:01:19]} 34. g4 {[%clk 0:06:03]} Nd4 {[%clk
0:00:58]} 35. Rc1 {[%clk 0:05:39]} Rc8 {[%clk 0:00:46]} 36. Nxb7 {[%clk
0:05:39]} 1-0

[Event "Deutsche Ländermeisterschaft 2022"]
[Site "Wiesbaden GER"]
[Date "2022.10.04"]
[Round "7"]
[White "Ignatova, Gabriela"]
[Black "Schwarzfischer, Julia"]
[Result "0-1"]
[Termination "normal"]
[Board "2.8"]
[WhiteElo "1099"]
[BlackElo "1256"]
[WhiteClock "00:28:53"]
[BlackClock "01:25:14"]
[WhiteTeam "Thüringen"]
[BlackTeam "Bayern"]
[PlyCount "112"]
[WhiteFideId "34623698"]
[BlackFideId "16268105"]
[EventCountry "GER"]
[EventRounds "7"]
[EventType "team-swiss"]
[EventDate "2022.09.30"]

1. e4 {[%clk 1:30:58]} e5 {[%clk 1:30:51]} 2. Nf3 {[%clk 1:31:18]} Nc6 {[%clk
1:31:10]} 3. Bc4 {[%clk 1:31:34]} Nf6 {[%clk 1:31:32]} 4. Nc3 {[%clk 1:31:20]}
Bc5 {[%clk 1:31:35]} 5. d3 {[%clk 1:30:12]} h6 {[%clk 1:31:41]} 6. O-O {[%clk
1:29:52]} d6 {[%clk 1:31:40]} 7. h3 {[%clk 1:28:31]} g5 {[%clk 1:30:40]} 8.
Nxg5 {[%clk 1:19:58]} hxg5 {[%clk 1:30:54]} 9. Bxg5 {[%clk 1:20:08]} Rg8 {[%clk
1:31:02]} 10. Bh4 {[%clk 1:19:21]} Bxh3 {[%clk 1:31:02]} 11. Nd5 {[%clk
1:18:29]} Bxg2 {[%clk 1:26:28]} 12. Nxf6+ {[%clk 1:14:17]} Qxf6 {[%clk
1:26:46]} 13. Bxf6 {[%clk 1:14:00]} Bf3+ {[%clk 1:27:14]} 14. Kh2 {[%clk
1:13:48]} Bxd1 {[%clk 1:27:16]} 15. Raxd1 {[%clk 1:13:52]} Rg6 {[%clk 1:26:27]}
16. Bh4 {[%clk 1:06:36]} Rh6 {[%clk 1:25:56]} 17. Kh3 {[%clk 1:06:26]} Kd7
{[%clk 1:25:51]} 18. Rg1 {[%clk 1:05:23]} Bxf2 {[%clk 1:25:52]} 19. Rg4 {[%clk
1:00:44]} Rah8 {[%clk 1:25:53]} 20. Rf1 {[%clk 0:58:58]} Bxh4 {[%clk 1:25:36]}
21. Rxf7+ {[%clk 0:55:06]} Be7+ {[%clk 1:25:56]} 22. Kg3 {[%clk 0:54:09]} Rh3+
{[%clk 1:24:51]} 23. Kf2 {[%clk 0:53:07]} Rh2+ {[%clk 1:24:59]} 24. Rg2 {[%clk
0:49:23]} Rxg2+ {[%clk 1:25:04]} 25. Kxg2 {[%clk 0:49:35]} Rg8+ {[%clk
1:25:18]} 26. Kf3 {[%clk 0:48:16]} Rf8 {[%clk 1:25:46]} 27. Rxf8 {[%clk
0:48:01]} Bxf8 {[%clk 1:26:13]} 28. Ke2 {[%clk 0:47:49]} Nd4+ {[%clk 1:26:00]}
29. Kd2 {[%clk 0:47:13]} Bh6+ {[%clk 1:26:19]} 30. Kc3 {[%clk 0:47:09]} Be3
{[%clk 1:25:12]} 31. a4 {[%clk 0:45:02]} a5 {[%clk 1:24:14]} 32. b4 {[%clk
0:44:56]} axb4+ {[%clk 1:24:35]} 33. Kxb4 {[%clk 0:44:35]} Nxc2+ {[%clk
1:25:00]} 34. Kc3 {[%clk 0:43:58]} Nd4 {[%clk 1:24:56]} 35. Kb4 {[%clk
0:41:53]} Bd2+ {[%clk 1:24:45]} 36. Ka3 {[%clk 0:41:57]} Kc6 {[%clk 1:24:29]}
37. Kb2 {[%clk 0:41:23]} Kc5 {[%clk 1:24:35]} 38. Ka3 {[%clk 0:41:11]} Bc1+
{[%clk 1:24:50]} 39. Ka2 {[%clk 0:41:13]} Kb4 {[%clk 1:25:01]} 40. Kb1 {[%clk
0:41:07]} Bd2 {[%clk 1:25:14]} 41. Ka2 {[%clk 0:40:29]} Kxa4 {[%clk 1:25:18]}
42. Kb2 {[%clk 0:40:27]} b5 {[%clk 1:25:21]} 43. Ba2 {[%clk 0:40:18]} c6 {[%clk
1:25:20]} 44. Bb1 {[%clk 0:38:04]} b4 {[%clk 1:24:49]} 45. Bc2+ {[%clk
0:37:08]} b3 {[%clk 1:25:09]} 46. Bd1 {[%clk 0:32:12]} Kb4 {[%clk 1:25:27]} 47.
Bg4 {[%clk 0:31:34]} c5 {[%clk 1:24:36]} 48. Bh5 {[%clk 0:30:08]} Bc3+ {[%clk
1:24:20]} 49. Kc1 {[%clk 0:28:51]} b2+ {[%clk 1:23:21]} 50. Kb1 {[%clk
0:28:40]} Nb3 {[%clk 1:23:19]} 51. Kc2 {[%clk 0:27:34]} Nd2 {[%clk 1:23:35]}
52. Kd1 {[%clk 0:27:47]} b1=Q+ {[%clk 1:23:55]} 53. Ke2 {[%clk 0:28:08]} Qf1+
{[%clk 1:24:12]} 54. Ke3 {[%clk 0:28:22]} Qe1+ {[%clk 1:24:24]} 55. Be2 {[%clk
0:28:38]} Qg3+ {[%clk 1:24:48]} 56. Bf3 {[%clk 0:28:53]} Qxf3# {[%clk 1:25:14]}
0-1